000 00835nam a2200265Ia 4500
999 _c2725
_d2725
007 ta
008 230330t2016||||xxua ||gd|||||||1 ||eng||
020 _a9780393350647
_c$ 17.95
040 _aKO
_beng
041 0 _aeng
044 _anyu
082 0 4 _223
_a303.483
_bB846
100 1 _aBrynjolfsson, Erik
245 1 0 _aThe second machine age
_b: work, progress, and prosperity in a time of brilliant technologies /
_cErik Brynjolfsson and Andrew McAfee
260 _aNewyork :
_bW. W. Norton & Company,
_c2016
300 _axiv, 306 p. ;
_c21 cm.
650 0 _aInformation technology
_xEconomic aspects
650 0 _aEconomic development
_xTechnological innovations
650 0 _aProgress
_xSocial aspects
650 0 _aSocial stratification
700 _aMcAfee, Andrew
_eaut
904 _aA_BOSE
942 _cBK